000
00383nam a2200169Ia 4500
008
240829s1983 xx 000 0 und d
041
_a
mar
082
_a
891.2/ATH
100
_a
GARDHE.'G.
245
_a
SARTH VAGBHAT
250
_a
1
260
_a
PUNE
_b
GAJANAN BOOK DEPO
_c
1983
300
_a
519p
650
_a
ASTANGA H
906
_a
SARTH VAGBHAT.
999
_c
1182781
_d
1182781